000 00861nmm a2200277 a 4500
001 ocm0002015431
003 TR-IsHL
005 20201028175539.0
008 181029s2016 tu tur
007 cr cn
020 _a9786059148375
035 _a2015431
_b(N$T)
050 0 4 _aPL68.7.A73
_bK88 2016
090 0 4 _aPL68.7.A73
_bK88 2016
100 1 _aAteş, Muhterem
245 1 0 _aKutlu ant
_h[electronic resource] /
_cMuhterem Ateş
250 _a1. Baskı
260 _aAnkara :
_bBengü Yayınları,
_c2016
300 _a154 p.
650 4 _aDil ve Edebiyat
650 4 _aLanguage and Literature
650 0 _aBalkar romanı
650 0 _aBalkar fiction
650 7 _aLITERARY COLLECTIONS / Russian & Former Soviet Union
_2bisacsh
856 4 0 _uhttp://search.ebscohost.com/login.aspx?direct=true&scope=site&db=e011xww&AN=2015431
999 _c18721
_d18721